| 000 | 00654nam a2200217 a 4500 | ||
|---|---|---|---|
| 999 |
_c2005 _d2005 |
||
| 001 | 2005 | ||
| 003 | BD-JhCC | ||
| 005 | 20180711090222.0 | ||
| 008 | 171028s bg a|||| |||| 000 0 ben d | ||
| 035 | _a(BD-JhCC)2005 | ||
| 040 |
_aBD-JhCC _dBD-JhCC |
||
| 041 | _aben | ||
| 082 |
_a891.4409 _2KOB |
||
| 100 | _aকবির, হুমায়ুন | ||
| 245 |
_aবাংলার কাব্য / _cহুমায়ুন কবির |
||
| 260 |
_aঢাকা : _bপ্রথমা প্রকাশন, |
||
| 300 |
_a১০১ পৃ. : _bill. ; _c২১ সেমি: |
||
| 650 | _aBengali Literature | ||
| 942 |
_2ddc _cBK |
||